000 01174nam a2200253 a 4500
001 BRCA_4890
005 20190320204839.0
008 151010s2005----sp-a######---#000-0#spa-#
020 _a8460971961
041 _aspa
044 _asp
050 4 _aPQ6335
_b.L46 2005
100 1 _aLenaghan, Patrick
_92219
245 1 0 _aLes advantures du fameux chevalier Dom Quixot de la Mancha et de Sancho Pansa son escuyer
_b(Paris: 1650-1652)
_cPatrick Lenaghan ; José Manuel Lucía Megías.
260 _aCastilla-La Mancha (España)
_bEmpresa Pública Don Quijote de la Mancha
_c2005
300 _a155 p.
_bil. (algunas a color)
_c25 cm.
500 _aIncluye reproducciones facsímil de los grabados de Jacques Lagniet y los dibujos de Jerome David de las colecciones de la Hispanic Society of América y la Biblioteca del Cigarral del Carmen, en Toledo
504 _aBibliografía: p. [157-158]
600 1 4 _aCervantes Saavedra, Miguel de
_d1547-1616
_tDon Quixote
_vIlustraciones
_912393
600 1 4 _aCervantes Saavedra, Miguel de
_d1547-1616
_tDon Quixote
_vObras pictóricas
_912394
700 1 _aLucía Megías, José Manuel
_ecoaut.
_99831
902 _aCERV
942 _2lcc
_cB
999 _c4584
_d4584